LOS HIJASTROS DE FRANCIA = (STEPSONS OF FRANCE) /

Uloženo v:
Podrobná bibliografie
Hlavní autor: Wren, P.C (autor)
Médium: Kniha
Témata:
Tagy: Přidat tag
Žádné tagy, Buďte první, kdo vytvoří štítek k tomuto záznamu!

MARC

LEADER 00000nam^a2200000^a^4500
001 000233509
005 20250521000000.0
009 20260310104646.703
035 |a 057105 
037 |a Acervo Xavier Clavigero 
082 |a 823. 9 WRE 
100 |a Wren, P.C.  |e (autor) 
245 1 4 |a LOS HIJASTROS DE FRANCIA = (STEPSONS OF FRANCE) /  |c P.C. WREN ; TR. MANUEL VALLVE 
264 |a BARCELONA :  |b EDITA,  |c 1930 
300 |a 287 p. 
336 |a texto  |b txt  |2 rdacontenido 
337 |a sin mediación  |b n  |2 rdamedio 
338 |a volumen  |b nc  |2 rdasoporte 
649 |a XX 
650 |a NOVELA INGLESA -  |x SIGLO XX 
650 |a Literatura Inglesa -  |y Siglo XX 
910 |a Fondo General 
920 |a Impresos - Libros 
930 |a Colección General 
940 |a Literatura 
905 |a 101 
901 |a 057105  |b IT1  |c LIT  |i 057105  |u 20250521 
902 |a https://opac.biblio.iteso.mx/vufind/Record/000233509